000 00690cab a2200217 4500
001 ABS38256
008 090401t1987 xxu||||| |||| 00| 0 eng d
035 _a(Sirsi) u9577
041 _aeng
100 _aRidout, G.
245 _aGive `em hell, Hal
260 _c1987
350 _a0
490 _aBuilding
_v252(43) 23 October 1987, 52(1)
520 _aA US construction expert briefly reviews the differences in attitudes between the US and UK construction industries, especially with regard to design and trying out new methods.
650 _aCONCRETE
650 _aFAST TRACK CONSTRUCTION
690 _aBUILDING AND CONSTRUCTION-OVERSEAS
942 _n0
948 _c04/03/1997
999 _c6000
_d6000